[Event "Junior Online 4NCL Division 4"]
[Site "online"]
[Date "2020.11.12"]
[Round "7.123"]
[White "Chen, George"]
[Black "Granger, Charlotte"]
[Result "1-0"]
[WhiteElo "1157"]
[BlackElo "1285"]
[PlyCount "91"]
[EventDate "2020.11.12"]
[WhiteTeam "JHJ 6"]
[BlackTeam "Colchester Juniors B"]

1. e4 e5 2. Nf3 Nc6 3. Bc4 h6 4. Nc3 Bc5 5. d3 Nf6 6. Be3 Bxe3 7. fxe3 d6 8. h3
Bd7 9. Qe2 Qe7 10. O-O-O O-O-O 11. Kb1 Nh5 12. Qf2 f5 13. Nd5 Qe8 14. Rhg1 Qg6
15. Bb5 Qf7 16. g4 fxg4 17. hxg4 Nf6 18. Nc3 g5 19. Bc4 Qe7 20. Rge1 Nxg4 21.
Qg3 h5 22. Nd5 Qe8 23. Nxg5 h4 24. Qf3 Qh5 25. Nh3 Rdf8 26. Qe2 Qg6 27. Rg1 Qh5
28. Bb5 Nf6 29. Bxc6 Qxe2 30. Bxd7+ Nxd7 31. Rde1 Qf3 32. Rh1 Qg2 33. Reg1 Qf3
34. Ne7+ Kd8 35. Ng6 Rhg8 36. Ng5 Qh5 37. Nxf8 Rxg5 38. Ne6+ Ke7 39. Nxg5 Nf6
40. Nh3 d5 41. exd5 Nxd5 42. Rg7+ Kd6 43. Rhg1 Qf3 44. c4 Nxe3 45. b4 Nd1 46.
R1g6+ 1-0

[Event "Junior Online 4NCL Division 4"]
[Site "online"]
[Date "2020.11.12"]
[Round "7.124"]
[White "Rida, Ruqayyah"]
[Black "Pipalia, Ayush"]
[Result "1-0"]
[WhiteElo "790"]
[BlackElo "1127"]
[PlyCount "106"]
[EventDate "2020.11.12"]
[WhiteTeam "Colchester Juniors B"]
[BlackTeam "JHJ 6"]

1. e4 c5 2. Nf3 d6 3. d4 cxd4 4. Nxd4 e5 5. Nf3 Nc6 6. Nc3 Bg4 7. Be2 Be7 8. h3
Bxf3 9. Bxf3 Nd4 10. Be3 Nxf3+ 11. Qxf3 Nf6 12. O-O O-O 13. Rad1 Re8 14. Bg5 h6
15. Bxf6 Bxf6 16. Nd5 Be7 17. Qd3 Rb8 18. Nxe7+ Qxe7 19. Qxd6 Qxd6 20. Rxd6
Rec8 21. c3 Rc4 22. f3 Ra4 23. a3 Ra5 24. Rfd1 Rb5 25. Rd8+ Rxd8 26. Rxd8+ Kh7
27. Rd2 f6 28. Kf2 Kg6 29. Kg3 Kg5 30. h4+ Kh5 31. Kh3 g5 32. g4+ Kg6 33. Kg3
gxh4+ 34. Kxh4 b6 35. b4 a5 36. Rd5 Rxd5 37. exd5 axb4 38. axb4 Kf7 39. c4 Ke7
40. c5 bxc5 41. bxc5 Kd7 42. Kh5 Kc7 43. Kxh6 Kd7 44. Kg6 Kc7 45. Kxf6 Kd7 46.
Kxe5 Kc7 47. d6+ Kd7 48. Kd5 Kd8 49. Ke6 Kc8 50. c6 Kd8 51. d7 Kc7 52. Ke7 Kxc6
53. d8=Q Kb7 1-0

[Event "Junior Online 4NCL Division 4"]
[Site "online"]
[Date "2020.11.12"]
[Round "7.125"]
[White "Balaggan, Karam S"]
[Black "Pipalia, Rishi"]
[Result "0-1"]
[WhiteElo "1420"]
[BlackElo "1202"]
[PlyCount "90"]
[EventDate "2020.11.12"]
[WhiteTeam "Colchester Juniors B"]
[BlackTeam "JHJ 6"]

1. e4 e5 2. Nf3 Nf6 3. Nc3 Nc6 4. d4 exd4 5. Nxd4 Nxd4 6. Qxd4 c5 7. Qd3 d6 8.
Nd5 Nxd5 9. Qxd5 Qc7 10. Bf4 Be6 11. Qd2 O-O-O 12. O-O-O Qb6 13. Kb1 g6 14. Bg5
Bg7 15. c3 Rd7 16. b3 Qa5 17. c4 Qxd2 18. Rxd2 f6 19. Bf4 Kc7 20. Be2 f5 21.
Rhd1 fxe4 22. Rxd6 Rxd6 23. Bxd6+ Kc6 24. f4 exf3 25. Bxf3+ Kb6 26. Be7 Re8 27.
Rd6+ Ka5 28. Rxe6 Bf8 29. Bxf8 Rxe6 30. Bxc5 b6 31. b4+ Ka4 32. Bd1+ Ka3 33.
Bf8 Re8 34. b5+ Rxf8 35. Bf3 Kb4 36. Kb2 Kxc4 37. Kc2 Kxb5 38. Be2+ Kc5 39. Bf3
Kd4 40. Kd2 h5 41. a3 b5 42. Be2 Rf2 43. Ke1 Rxg2 44. Bxb5 Rxh2 45. Be8 g5 0-1

[Event "Junior Online 4NCL Division 4"]
[Site "online"]
[Date "2020.11.12"]
[Round "7.126"]
[White "Cancedda-Dupuis, Livio"]
[Black "Karanam, Guha Saran"]
[Result "1-0"]
[WhiteElo "1180"]
[BlackElo "1412"]
[PlyCount "45"]
[EventDate "2020.11.12"]
[WhiteTeam "JHJ 6"]
[BlackTeam "Colchester Juniors B"]

1. e4 d5 2. exd5 Qxd5 3. Nc3 Qa5 4. Nf3 Bf5 5. d4 c6 6. Bd3 Bxd3 7. Qxd3 Nf6 8.
Bd2 e6 9. a4 Bd6 10. Ne4 Qc7 11. Nxf6+ gxf6 12. O-O Nd7 13. c4 O-O-O 14. b4
Rhg8 15. c5 Bf4 16. Bxf4 Qxf4 17. b5 Qg4 18. Ne1 e5 19. bxc6 bxc6 20. Qa6+ Kc7
21. Qxa7+ Kc8 22. Rb1 exd4 23. Qb7# 1-0

[Event "Junior Online 4NCL Division 4"]
[Site "online"]
[Date "2020.11.12"]
[Round "7.127"]
[White "Granger, Charlotte"]
[Black "Chen, George"]
[Result "0-1"]
[WhiteElo "1285"]
[BlackElo "1157"]
[PlyCount "64"]
[EventDate "2020.11.12"]
[WhiteTeam "Colchester Juniors B"]
[BlackTeam "JHJ 6"]

1. e4 e6 2. d4 d5 3. Nc3 Bb4 4. Bd2 c5 5. dxc5 Bxc5 6. Nf3 Nc6 7. exd5 exd5 8.
Qe2+ Nge7 9. O-O-O O-O 10. Re1 Re8 11. Qd3 Bf5 12. Qb5 Bb6 13. h3 a6 14. Qa4
Bxf2 15. Re2 b5 16. Qf4 Bb6 17. g4 Bd7 18. h4 Bc7 19. g5 Bxf4 20. Bxf4 Bg4 21.
Rf2 Bxf3 22. Rxf3 Nd4 23. Rd3 Nef5 24. h5 Nf3 25. Rxf3 d4 26. Nd1 Rc8 27. h6 g6
28. Ra3 Qb6 29. Nf2 Qc6 30. Bd3 Ne3 31. Bxe3 dxe3 32. Nh3 Qxh1+ 0-1

[Event "Junior Online 4NCL Division 4"]
[Site "online"]
[Date "2020.11.12"]
[Round "7.128"]
[White "Pipalia, Ayush"]
[Black "Rida, Ruqayyah"]
[Result "1-0"]
[WhiteElo "1127"]
[BlackElo "790"]
[PlyCount "113"]
[EventDate "2020.11.12"]
[WhiteTeam "JHJ 6"]
[BlackTeam "Colchester Juniors B"]

1. d4 Nf6 2. c4 g6 3. Nc3 Bg7 4. e4 d6 5. Nf3 O-O 6. Bd3 Nbd7 7. O-O e5 8. dxe5
Nxe5 9. Nxe5 dxe5 10. Bc2 Qxd1 11. Rxd1 Be6 12. b3 Nd7 13. Bg5 f6 14. Be3 f5
15. exf5 gxf5 16. Nb5 c5 17. Nc7 Rac8 18. Nxe6 Rf7 19. Nxg7 Rxg7 20. Bh6 Rf7
21. Rxd7 Rxd7 22. Bxf5 Rcc7 23. Bxd7 Rxd7 24. h3 Kf7 25. Be3 b6 26. Kf1 Kf6 27.
Ke2 Kf5 28. Rd1 Re7 29. g4+ Ke6 30. Bg5 Rf7 31. f3 a6 32. Ke3 b5 33. cxb5 axb5
34. f4 exf4+ 35. Bxf4 Rd7 36. Rxd7 Kxd7 37. Kd3 Kc6 38. a4 b4 39. Kc4 Kb6 40.
Be3 Kc6 41. Bxc5 Kc7 42. Bxb4 Kb6 43. h4 Kc6 44. g5 Kb6 45. h5 Kc6 46. g6 hxg6
47. hxg6 Kb6 48. g7 Kc6 49. g8=Q Kb6 50. Qg6+ Kc7 51. Kc5 Kd7 52. Qd6+ Ke8 53.
Qc7 Kf8 54. Kd5+ Kg8 55. Ke5 Kh8 56. Kf6 Kg8 57. Qg7# 1-0

[Event "Junior Online 4NCL Division 4"]
[Site "online"]
[Date "2020.11.12"]
[Round "7.131"]
[White "Weisfeld, Raphael"]
[Black "Dayle, Cosmo"]
[Result "1-0"]
[WhiteElo "1082"]
[BlackElo "1000"]
[PlyCount "51"]
[EventDate "2020.11.12"]
[WhiteTeam "Tetherdown Bishops"]
[BlackTeam "Muswell Hill Knights"]

1. e4 e5 2. f4 Nc6 3. Nf3 d6 4. Nc3 Bg4 5. Be2 Nf6 6. h3 Bh5 7. fxe5 dxe5 8.
O-O Bc5+ 9. Kh1 O-O 10. a3 Bxf3 11. Bxf3 Nd4 12. b4 Nxf3 13. Qxf3 Bd4 14. Bb2
Qd6 15. Nb5 Qd7 16. Nxd4 exd4 17. e5 Ne8 18. Qxb7 Qd8 19. Bxd4 Qxd4 20. Qxa8
Qxe5 21. Rae1 Qb5 22. Qxa7 c6 23. Rxf7 Qc4 24. Rxf8+ Kxf8 25. Qe7+ Kg8 26.
Qxe8# 1-0

[Event "Junior Online 4NCL Division 4"]
[Site "online"]
[Date "2020.11.12"]
[Round "7.132"]
[White "Qiu, Calvin"]
[Black "Bedretdinov, Rasul"]
[Result "0-1"]
[WhiteElo "932"]
[BlackElo "917"]
[PlyCount "90"]
[EventDate "2020.11.12"]
[WhiteTeam "Muswell Hill Knights"]
[BlackTeam "Tetherdown Bishops"]

1. e4 e5 2. Nf3 Nc6 3. Bc4 Nf6 4. Nc3 Bc5 5. d3 h6 6. O-O O-O 7. Be3 d6 8. Bxc5
dxc5 9. Qd2 Nh5 10. Qe3 b6 11. Rad1 Qf6 12. Nd5 Qg6 13. Nxc7 Nf4 14. Nh4 Qg5
15. Qf3 Nd4 16. Qg3 Nde2+ 17. Kh1 Nxg3+ 18. fxg3 Rb8 19. gxf4 Qxh4 20. fxe5 Be6
21. Nxe6 fxe6 22. Bxe6+ Kh8 23. Bh3 Qg5 24. e6 Qe7 25. c3 Rbd8 26. b4 cxb4 27.
c4 Rxf1+ 28. Rxf1 Rxd3 29. Bf5 Qd6 30. Kg1 Rd1 31. Rxd1 Qxd1+ 32. Kf2 Qd2+ 33.
Kf3 Qd6 34. g3 g6 35. Bh3 g5 36. Bg4 h5 37. Bf5 g4+ 38. Ke3 Kg7 39. Kf2 Kf8 40.
Ke2 Ke7 41. Kf2 Qd4+ 42. Ke2 Qxc4+ 43. Ke3 Qxa2 44. Kf4 Qd2+ 45. Ke5 Qd6# 0-1

[Event "Junior Online 4NCL Division 4"]
[Site "online"]
[Date "2020.11.12"]
[Round "7.133"]
[White "Thorburn, Rory"]
[Black "Sawyer, Charlie"]
[Result "1-0"]
[WhiteElo "962"]
[BlackElo "925"]
[PlyCount "55"]
[EventDate "2020.11.12"]
[WhiteTeam "Tetherdown Bishops"]
[BlackTeam "Muswell Hill Knights"]

1. e4 e5 2. Nf3 Nc6 3. Nc3 Nf6 4. Bc4 Nxe4 5. Nxe4 d5 6. Bb3 dxe4 7. Ng1 Bc5 8.
Nh3 b6 9. d3 exd3 10. cxd3 Bxh3 11. gxh3 Qf6 12. O-O O-O-O 13. Ba4 Nd4 14. Be3
Nf3+ 15. Kg2 Nh4+ 16. Kh1 Bd6 17. Bb5 e4 18. dxe4 Qe5 19. f4 Qxb5 20. Rc1 c5
21. a4 Qc6 22. Rf2 Bxf4 23. Qb3 Bxe3 24. Qxe3 Qxa4 25. Rxf7 Rhe8 26. Qg3 Qxe4+
27. Kg1 Nf5 28. Qc7# 1-0

[Event "Junior Online 4NCL Division 4"]
[Site "online"]
[Date "2020.11.12"]
[Round "7.134"]
[White "Gold, Jonah"]
[Black "Murphy, Sam"]
[Result "0-1"]
[WhiteElo "900"]
[BlackElo "857"]
[PlyCount "40"]
[EventDate "2020.11.12"]
[WhiteTeam "Muswell Hill Knights"]
[BlackTeam "Tetherdown Bishops"]

1. e4 e5 2. Bc4 Nf6 3. Nf3 Nc6 4. Ng5 d5 5. exd5 Nxd5 6. Bxd5 Qxd5 7. Nf3 Bg4
8. Ke2 e4 9. d3 exf3+ 10. gxf3 Bxf3+ 11. Ke1 Bxd1 12. Kxd1 Qxh1+ 13. Kd2 Bb4+
14. c3 O-O 15. cxb4 Rfe8 16. Kc2 Nd4+ 17. Kc3 Nb5+ 18. Kc4 Qc6+ 19. Kb3 a5 20.
Be3 a4# 0-1

[Event "Junior Online 4NCL Division 4"]
[Site "online"]
[Date "2020.11.12"]
[Round "7.135"]
[White "Dayle, Cosmo"]
[Black "Weisfeld, Raphael"]
[Result "1/2-1/2"]
[WhiteElo "1000"]
[BlackElo "1082"]
[PlyCount "125"]
[EventDate "2020.11.12"]
[WhiteTeam "Muswell Hill Knights"]
[BlackTeam "Tetherdown Bishops"]

1. e4 e5 2. Nf3 Nc6 3. d4 d6 4. d5 Nb4 5. Nc3 Nf6 6. a3 Na6 7. Bg5 Be7 8. Bb5+
Bd7 9. Nh4 Bxb5 10. Nxb5 O-O 11. Nf5 Qd7 12. Nc3 Nc5 13. b4 Ncxe4 14. Nxe4 Nxe4
15. Bxe7 Qxf5 16. f3 Nc3 17. Qd2 Rfe8 18. Bxd6 cxd6 19. Qxc3 Rec8 20. Qe3 Qxc2
21. Rg1 Rc3 22. Qc1 Qxc1+ 23. Rxc1 Rxa3 24. Rc7 Ra1+ 25. Kf2 Rxg1 26. Kxg1 Rb8
27. Kf2 g5 28. Ke3 Kg7 29. Ke4 Kg6 30. g4 f6 31. h3 a6 32. Rd7 b5 33. Rxd6 Rc8
34. Rxa6 Rc4+ 35. Ke3 Rxb4 36. d6 Rb3+ 37. Ke4 Rb4+ 38. Ke3 Rd4 39. Rb6 h5 40.
gxh5+ Kxh5 41. d7 Rxd7 42. Rxf6 Rb7 43. Rc6 b4 44. Rc2 Kg6 45. Ke4 Kf6 46. Rb2
b3 47. Ke3 Kf5 48. Kf2 Rb4 49. Kg2 e4 50. Kf2 exf3 51. Kxf3 Ke5 52. Ke3 Kf5 53.
Kf3 Kf6 54. Ke3 Kg6 55. Kd3 Kh5 56. Kc3 Rb6 57. Rh2 Kh4 58. Kb2 g4 59. hxg4+
Kxg4 60. Rd2 Kf4 61. Rd3 Ke4 62. Rxb3 Rxb3+ 63. Kxb3 1/2-1/2

[Event "Junior Online 4NCL Division 4"]
[Site "online"]
[Date "2020.11.12"]
[Round "7.136"]
[White "Bedretdinov, Rasul"]
[Black "Qiu, Calvin"]
[Result "0-1"]
[WhiteElo "917"]
[BlackElo "932"]
[PlyCount "110"]
[EventDate "2020.11.12"]
[WhiteTeam "Tetherdown Bishops"]
[BlackTeam "Muswell Hill Knights"]

1. e4 e5 2. Nf3 Nc6 3. Bc4 Be7 4. c3 Nf6 5. d4 exd4 6. e5 Ne4 7. cxd4 d6 8. Bd3
d5 9. O-O Bg4 10. h3 Bh5 11. Qe2 Nxd4 12. Bb5+ c6 13. Qd3 Nxb5 14. Nh2 O-O 15.
Nc3 Nbxc3 16. bxc3 Bg6 17. Qd1 Nxc3 18. Qb3 Ne2+ 19. Kh1 Nxc1 20. Raxc1 Qc7 21.
Nf3 Be4 22. Nd2 Bg5 23. Rcd1 Bxd2 24. Rxd2 b6 25. Qc3 Rfd8 26. f3 Bf5 27. Rd4
c5 28. Rf4 g6 29. Qe1 d4 30. Qh4 d3 31. Qh6 Qxe5 32. Rh4 Qg7 33. Qd2 Re8 34. g4
Be6 35. Qxd3 Bxa2 36. Qa6 Qd4 37. Qxa2 c4 38. Qa4 Rec8 39. Qb5 c3 40. Qg5 c2
41. Qh6 Qg7 42. Qg5 a5 43. f4 c1=Q 44. Qb5 a4 45. f5 g5 46. Rh5 a3 47. f6 Qxf6
48. Rxg5+ Kh8 49. Rgf5 Qxf1+ 50. Rxf1 Qc6+ 51. Qxc6 Rxc6 52. Rxf7 a2 53. Kg2
a1=Q 54. Kg3 Qe5+ 55. Kh4 Rh6# 0-1

[Event "Junior Online 4NCL Division 4"]
[Site "online"]
[Date "2020.11.12"]
[Round "7.137"]
[White "Sawyer, Charlie"]
[Black "Thorburn, Rory"]
[Result "1-0"]
[WhiteElo "925"]
[BlackElo "962"]
[PlyCount "25"]
[EventDate "2020.11.12"]
[WhiteTeam "Muswell Hill Knights"]
[BlackTeam "Tetherdown Bishops"]

1. e4 e5 2. Nf3 Nc6 3. Nc3 Nf6 4. Bd3 Bc5 5. b3 Ng4 6. Qe2 Nxf2 7. Rf1 Nxd3+ 8.
Qxd3 Bd4 9. Bb2 Bxc3 10. Qxc3 Nd4 11. Nxd4 exd4 12. Qxd4 O-O 13. Qxg7# 1-0

[Event "Junior Online 4NCL Division 4"]
[Site "online"]
[Date "2020.11.12"]
[Round "7.138"]
[White "Murphy, Sam"]
[Black "Gold, Jonah"]
[Result "1-0"]
[WhiteElo "857"]
[BlackElo "900"]
[PlyCount "125"]
[EventDate "2020.11.12"]
[WhiteTeam "Tetherdown Bishops"]
[BlackTeam "Muswell Hill Knights"]

1. d4 Nc6 2. c4 d6 3. Nc3 Bf5 4. a3 Nxd4 5. Qxd4 e5 6. Qd1 Qf6 7. Nd5 Qd8 8. e3
c6 9. Nc3 Qa5 10. b4 Qd8 11. e4 Bg6 12. Nf3 Qf6 13. Bg5 Qe6 14. Bd3 Be7 15.
Bxe7 Qxe7 16. O-O Bh5 17. Be2 Qd7 18. h3 Nf6 19. Nd2 c5 20. b5 a6 21. bxa6 bxa6
22. Rb1 a5 23. Bxh5 Nxh5 24. Qxh5 g6 25. Qd1 Qc6 26. Qa4 Qxa4 27. Nxa4 f5 28.
exf5 gxf5 29. Nc3 e4 30. Nd5 Kd7 31. Nb6+ Kc6 32. Nxa8 Rxa8 33. f3 e3 34. Nb3
Re8 35. Rfe1 e2 36. Nxa5+ Kc7 37. Rb7+ Kc8 38. Rb2 h5 39. Rbxe2 Rg8 40. Re8+
Rxe8 41. Rxe8+ Kd7 42. Rh8 Kc7 43. Rxh5 Kb6 44. Nb3 Kc6 45. Rxf5 d5 46. cxd5+
Kb5 47. d6 Kb6 48. d7 Kc7 49. Rf7 Kd8 50. Nxc5 Kc7 51. Ne6+ Kd6 52. d8=Q+ Kxe6
53. Qe7+ Kd5 54. Rf5+ Kd4 55. Qe4+ Kc3 56. Rc5+ Kb3 57. Qc4+ Kxa3 58. Ra5+ Kb2
59. Rb5+ Ka3 60. Rb3+ Ka2 61. Rc3+ Kb2 62. Qb4+ Ka2 63. Ra3# 1-0

[Event "Junior Online 4NCL Division 4"]
[Site "online"]
[Date "2020.11.12"]
[Round "7.141"]
[White "Kirk, Alex"]
[Black "Patel, Aadi"]
[Result "1/2-1/2"]
[WhiteElo "857"]
[BlackElo "1292"]
[PlyCount "118"]
[EventDate "2020.11.12"]
[WhiteTeam "Tetherdown Knights"]
[BlackTeam "The Hall 2"]

1. e4 e5 2. Nf3 Nc6 3. Nc3 Nf6 4. d4 exd4 5. Nxd4 Nxd4 6. Qxd4 d6 7. Bg5 Be7 8.
e5 Ng4 9. Bxe7 Qxe7 10. Nd5 Qd8 11. exd6 Qxd6 12. Be2 c6 13. Bxg4 Qxd5 14. Qxd5
cxd5 15. Bxc8 Rxc8 16. O-O O-O 17. Rad1 Rxc2 18. Rxd5 Rxb2 19. Ra1 b6 20. Rd7
Ra8 21. g3 g6 22. a4 a6 23. Rd6 Rb8 24. Rad1 Rb4 25. Rd8+ Rxd8 26. Rxd8+ Kg7
27. Rb8 Rxa4 28. Rxb6 h5 29. Kg2 Kh6 30. f4 Kg7 31. Kh3 a5 32. Ra6 Ra2 33. Ra7
a4 34. Ra5 a3 35. Ra7 Ra1 36. Ra4 Kh6 37. Ra6 f5 38. Kg2 Ra2+ 39. Kf3 Rxh2 40.
Rxa3 Rc2 41. Ra6 Rc3+ 42. Kg2 Rc2+ 43. Kf3 Rb2 44. Rd6 Rb3+ 45. Kg2 Rb2+ 46.
Kh3 Rb3 47. Ra6 Rd3 48. Rc6 Rd4 49. Re6 Rb4 50. Rc6 Rb3 51. Rd6 Ra3 52. Rc6 Rd3
53. Rb6 Rd4 54. Rc6 Rd3 55. Rb6 Rc3 56. Rd6 Rb3 57. Re6 Rd3 58. Ra6 Rc3 59. Rd6
Rb3 1/2-1/2

[Event "Junior Online 4NCL Division 4"]
[Site "online"]
[Date "2020.11.12"]
[Round "7.142"]
[White "O'Sullivan, Conor"]
[Black "Glynne, Jacob"]
[Result "1-0"]
[WhiteElo "1315"]
[BlackElo "800"]
[PlyCount "39"]
[EventDate "2020.11.12"]
[WhiteTeam "The Hall 2"]
[BlackTeam "Tetherdown Knights"]

1. e4 e5 2. Nf3 Nc6 3. Bb5 Nf6 4. Nc3 Bc5 5. Nxe5 Nxe5 6. d4 Bxd4 7. Qxd4 Neg4
8. e5 Nh5 9. Qxg4 Qe7 10. Qxh5 g6 11. Qe2 c6 12. Bc4 O-O 13. Bh6 Re8 14. O-O d6
15. Ne4 dxe5 16. Qf3 b5 17. Nf6+ Kh8 18. Nxe8 Qxe8 19. Qf6+ Kg8 20. Qg7# 1-0

[Event "Junior Online 4NCL Division 4"]
[Site "online"]
[Date "2020.11.12"]
[Round "7.143"]
[White "Cartwright, Ethan"]
[Black "Ozdenoren, Deniz"]
[Result "0-1"]
[WhiteElo "800"]
[BlackElo "1352"]
[PlyCount "60"]
[EventDate "2020.11.12"]
[WhiteTeam "Tetherdown Knights"]
[BlackTeam "The Hall 2"]

1. e4 e5 2. Nf3 Nc6 3. Bc4 Bc5 4. O-O d6 5. d3 Bg4 6. Bg5 Nf6 7. Bxf6 Qxf6 8.
Bb5 a6 9. Bxc6+ bxc6 10. Nc3 O-O 11. a3 Bd4 12. h3 Bxf3 13. Qxf3 Qxf3 14. gxf3
Rfe8 15. Kh1 Re6 16. Na4 Rae8 17. c3 Ba7 18. Rg1 Bxf2 19. Rgf1 Ba7 20. d4 exd4
21. cxd4 Bxd4 22. Rad1 Ba7 23. b4 Rh6 24. Kh2 Rh5 25. Nc3 Re6 26. f4 d5 27. f5
Re7 28. exd5 cxd5 29. Nxd5 Re2+ 30. Kh1 Rxh3# 0-1

[Event "Junior Online 4NCL Division 4"]
[Site "online"]
[Date "2020.11.12"]
[Round "7.144"]
[White "Kohli, Aryan"]
[Black "Newsom, Thomas"]
[Result "1-0"]
[WhiteElo "1075"]
[BlackElo "800"]
[PlyCount "77"]
[EventDate "2020.11.12"]
[WhiteTeam "The Hall 2"]
[BlackTeam "Tetherdown Knights"]

1. d4 d5 2. Bf4 e6 3. e3 Bb4+ 4. c3 Bd6 5. Bg3 Bxg3 6. hxg3 Nf6 7. Bd3 O-O 8.
Nf3 Ng4 9. Bxh7+ Kh8 10. Bf5+ Kg8 11. Bxg4 Re8 12. Nbd2 Nc6 13. Qe2 Ne7 14.
O-O-O Bd7 15. Ne5 Ba4 16. Rdg1 Ng6 17. Rh2 Nxe5 18. dxe5 Kf8 19. Rh8+ Ke7 20.
Rxe8+ Qxe8 21. Bh5 g6 22. Bg4 Rd8 23. b3 Bb5 24. Qf3 Kd7 25. Rh1 Kc8 26. Rh7
Qg8 27. Qxf7 Qxf7 28. Rxf7 Be8 29. Bxe6+ Kb8 30. Rf8 g5 31. Bxd5 c6 32. Bf7 Kc7
33. Bxe8 a5 34. Rf7+ Kb6 35. Re7 g4 36. Nc4+ Kc5 37. Nxa5 b5 38. b4+ Kd5 39.
Bxc6# 1-0

[Event "Junior Online 4NCL Division 4"]
[Site "online"]
[Date "2020.11.12"]
[Round "7.145"]
[White "Patel, Aadi"]
[Black "Kirk, Alex"]
[Result "0-1"]
[WhiteElo "1292"]
[BlackElo "857"]
[PlyCount "60"]
[EventDate "2020.11.12"]
[WhiteTeam "The Hall 2"]
[BlackTeam "Tetherdown Knights"]

1. e4 e5 2. Nf3 Nc6 3. d4 exd4 4. Bc4 Bb4+ 5. Bd2 Bc5 6. Bf4 Nf6 7. e5 Ne4 8.
Bd5 f5 9. exf6 Nxf6 10. Bg5 h6 11. Bh4 g5 12. Bxc6 dxc6 13. Bg3 Qe7+ 14. Qe2
Qxe2+ 15. Kxe2 Bg4 16. Re1 O-O-O 17. Kf1 Rde8 18. Rxe8+ Rxe8 19. Nbd2 Ne4 20.
Nxe4 Rxe4 21. Nd2 Re2 22. Nb3 Bb6 23. f3 Bxf3 24. gxf3 Rxc2 25. Rb1 d3 26. Be1
Rxh2 27. Nc1 Rh1+ 28. Kg2 Rg1+ 29. Kh3 Rxe1 30. Kg4 d2 0-1

[Event "Junior Online 4NCL Division 4"]
[Site "online"]
[Date "2020.11.12"]
[Round "7.146"]
[White "Glynne, Jacob"]
[Black "O'Sullivan, Conor"]
[Result "1/2-1/2"]
[WhiteElo "800"]
[BlackElo "1315"]
[PlyCount "69"]
[EventDate "2020.11.12"]
[WhiteTeam "Tetherdown Knights"]
[BlackTeam "The Hall 2"]

1. e4 e5 2. Bc4 Nf6 3. Nc3 Nc6 4. Nf3 Bb4 5. a3 Ba5 6. Ng5 O-O 7. b4 Bb6 8. Qf3
d6 9. Qh3 Bxh3 10. gxh3 Nd4 11. a4 Nxc2+ 12. Kd1 Nxa1 13. a5 Bxf2 14. Rf1 Bh4
15. Rg1 h6 16. Ne6 fxe6 17. Bxe6+ Kh8 18. d3 Qe7 19. Bf5 Nb3 20. Be3 Bg5 21.
Bxg5 hxg5 22. Rxg5 Nxe4 23. Nxe4 Rxf5 24. Rxf5 Qh4 25. Nf2 Nd4 26. Rf7 Qh5+ 27.
Kd2 Qxf7 28. Ng4 Qf4+ 29. Kc3 Nb5+ 30. Kb3 Nd4+ 31. Kc3 Ne2+ 32. Kc2 Nd4+ 33.
Kc3 Nb5+ 34. Kc2 Nd4+ 35. Kc3 1/2-1/2

[Event "Junior Online 4NCL Division 4"]
[Site "online"]
[Date "2020.11.12"]
[Round "7.147"]
[White "Ozdenoren, Deniz"]
[Black "Cartwright, Ethan"]
[Result "0-1"]
[WhiteElo "1352"]
[BlackElo "800"]
[PlyCount "28"]
[EventDate "2020.11.12"]
[WhiteTeam "The Hall 2"]
[BlackTeam "Tetherdown Knights"]

1. e4 e5 2. Nf3 Nc6 3. Bc4 Nf6 4. d3 Bc5 5. Nc3 O-O 6. Bg5 Bb4 7. a3 Bxc3+ 8.
bxc3 d6 9. O-O Na5 10. Bd5 c6 11. Ba2 b5 12. Nh4 h6 13. Bxf6 Qxf6 14. Qg4 Bxg4
0-1

[Event "Junior Online 4NCL Division 4"]
[Site "online"]
[Date "2020.11.12"]
[Round "7.148"]
[White "Newsom, Thomas"]
[Black "Kohli, Aryan"]
[Result "0-1"]
[WhiteElo "800"]
[BlackElo "1075"]
[PlyCount "50"]
[EventDate "2020.11.12"]
[WhiteTeam "Tetherdown Knights"]
[BlackTeam "The Hall 2"]

1. e4 c5 2. Bc4 d6 3. Qh5 e6 4. Nf3 Nf6 5. Qh3 Nxe4 6. O-O Nc6 7. Re1 e5 8. Qg3
Nxg3 9. fxg3 Be7 10. Re4 O-O 11. d3 Bf5 12. Re3 Nd4 13. Nxd4 exd4 14. Re2 Bg4
15. Re4 Qd7 16. h3 Bxh3 17. gxh3 Qxh3 18. Rxe7 Qxg3+ 19. Kf1 Qh3+ 20. Ke1 Qh4+
21. Ke2 Qxe7+ 22. Kd2 Qe3+ 23. Kd1 Qg1+ 24. Kd2 Rae8 25. Bb5 Qe1# 0-1

[Event "Junior Online 4NCL Division 4"]
[Site "online"]
[Date "2020.11.12"]
[Round "7.151"]
[White "Joshi, Aarav"]
[Black "Korossi, Nandi"]
[Result "1-0"]
[WhiteElo "1225"]
[BlackElo "1610"]
[PlyCount "67"]
[EventDate "2020.11.12"]
[WhiteTeam "May The Fork Be With You 4"]
[BlackTeam "Wanstead Warriors"]

1. e4 e5 2. Nf3 Nc6 3. Bc4 Bc5 4. c3 d6 5. d4 exd4 6. cxd4 Bb4+ 7. Nc3 Nf6 8.
O-O O-O 9. Bg5 h6 10. Bxf6 Qxf6 11. Nd5 Qd8 12. Nxb4 Nxb4 13. Qb3 Nc6 14. Qe3
Qe7 15. Rac1 Re8 16. Rfe1 Bg4 17. d5 Bxf3 18. dxc6 Qxe4 19. cxb7 Rab8 20. Bxf7+
Kxf7 21. Rxc7+ Kg8 22. Qb3+ Qd5 23. Qxd5+ Bxd5 24. Rxe8+ Rxe8 25. Rc8 Bxb7 26.
Rxe8+ Kf7 27. Rb8 Bd5 28. Rb5 Bxa2 29. Ra5 Bd5 30. Rxa7+ Kf6 31. b4 Bc4 32. Ra5
d5 33. b5 d4 34. b6 1-0

[Event "Junior Online 4NCL Division 4"]
[Site "online"]
[Date "2020.11.12"]
[Round "7.152"]
[White "Demetriou, Jay"]
[Black "Srinivasan, Gowri"]
[Result "1-0"]
[WhiteElo "1519"]
[BlackElo "1262"]
[PlyCount "39"]
[EventDate "2020.11.12"]
[WhiteTeam "Wanstead Warriors"]
[BlackTeam "May The Fork Be With You 4"]

1. e4 e5 2. Nc3 Nc6 3. f4 exf4 4. d4 Bb4 5. Bxf4 Bxc3+ 6. bxc3 d5 7. Bd3 dxe4
8. Qe2 Nf6 9. Bxe4 O-O 10. Nf3 Re8 11. Ne5 Nxe5 12. Bxe5 Nxe4 13. Qxe4 f6 14.
O-O fxe5 15. dxe5 Qg5 16. Rf3 Rxe5 17. Raf1 Bg4 18. Qc4+ Kh8 19. Rf8+ Rxf8 20.
Rxf8# 1-0

[Event "Junior Online 4NCL Division 4"]
[Site "online"]
[Date "2020.11.12"]
[Round "7.153"]
[White "Popat, Imara"]
[Black "Walsh, Cole"]
[Result "1-0"]
[WhiteElo "1285"]
[BlackElo "1478"]
[PlyCount "67"]
[EventDate "2020.11.12"]
[WhiteTeam "May The Fork Be With You 4"]
[BlackTeam "Wanstead Warriors"]

1. e4 e5 2. Nf3 Nf6 3. Bc4 Bc5 4. Nxe5 Nc6 5. Nxf7 Qe7 6. O-O Rf8 7. Ng5 Ng4 8.
Qxg4 d5 9. Qh4 dxc4 10. d4 Bxd4 11. Na3 h6 12. Nf3 Bf6 13. Qh5+ Rf7 14. Nxc4
Qxe4 15. Re1 Qxe1+ 16. Nxe1 Kf8 17. Bf4 Bd4 18. Nd3 Bd7 19. c3 Bxf2+ 20. Kxf2
Re8 21. Re1 Ne7 22. Nde5 Rxf4+ 23. Kg1 Bg4 24. Qh4 Rd8 25. Nxg4 Nf5 26. Qxd8+
Kf7 27. Nge5+ Ke6 28. Qe8+ Kf6 29. Qf7+ Kg5 30. Qg6+ Kh4 31. g3+ Kh3 32. Qh5+
Nh4 33. gxh4 Rxh4 34. Qf3# 1-0

[Event "Junior Online 4NCL Division 4"]
[Site "online"]
[Date "2020.11.12"]
[Round "7.154"]
[White "Wong, Joseph"]
[Black "Patel, Amya Hetal"]
[Result "1-0"]
[WhiteElo "1299"]
[BlackElo "1247"]
[PlyCount "79"]
[EventDate "2020.11.12"]
[WhiteTeam "Wanstead Warriors"]
[BlackTeam "May The Fork Be With You 4"]

1. e4 e6 2. Nf3 d5 3. d3 c5 4. exd5 exd5 5. Bd2 Nc6 6. Nc3 Qb6 7. Nxd5 Qxb2 8.
Nc7+ Ke7 9. Nxa8 Be6 10. Rb1 Qxa2 11. Rxb7+ Bd7 12. Qe2+ Qe6 13. Ng5 Qxe2+ 14.
Bxe2 f6 15. Ne4 f5 16. Nxc5 Kd6 17. Nxd7 Be7 18. Bf4+ Ke6 19. Nc7+ Kxd7 20.
Nd5+ Kd8 21. Bc7+ Kd7 22. O-O Kc8 23. Rfb1 Kd7 24. Bf3 Nf6 25. Nxe7 Kxe7 26.
Bxc6 Kf7 27. Be5+ Kg6 28. h4 Re8 29. Bxe8+ Nxe8 30. f3 Nd6 31. Bxd6 h6 32. Rxa7
Kh7 33. Bf8 f4 34. Rxg7+ Kh8 35. Rbb7 h5 36. Rh7+ Kg8 37. Rbg7+ Kxf8 38. Rf7+
Ke8 39. g4 Kd8 40. Rf8# 1-0

[Event "Junior Online 4NCL Division 4"]
[Site "online"]
[Date "2020.11.12"]
[Round "7.156"]
[White "Srinivasan, Gowri"]
[Black "Demetriou, Jay"]
[Result "1-0"]
[WhiteElo "1262"]
[BlackElo "1519"]
[PlyCount "37"]
[EventDate "2020.11.12"]
[WhiteTeam "May The Fork Be With You 4"]
[BlackTeam "Wanstead Warriors"]

1. d4 d5 2. Nc3 Nf6 3. Nf3 Nc6 4. Bf4 Bg4 5. e3 e6 6. h3 Bf5 7. Bb5 Bd6 8. Bxd6
cxd6 9. Bxc6+ bxc6 10. Qd2 O-O 11. O-O-O Rb8 12. g4 Qb6 13. Na4 Qa6 14. b3 Be4
15. g5 Bxf3 16. gxf6 g6 17. e4 Bxd1 18. Qh6 Rfc8 19. Qg7# 1-0